[Event "Washington Open"]
[Site "Seattle, WA"]
[Date "2014.05.24"]
[Round "1"]
[White "Yeo, Noah"]
[Black "Roland, Jeffrey T"]
[Result "1/2-1/2"]
[WhiteElo "1638"]
[BlackElo "1715"]
[PlyCount "94"]
[EventDate "2014.05.24"]

1. e4 e5 2. Nf3 Nc6 3. d4 exd4 4. Bc4 Nf6 5. O-O Bc5 6. e5 d5 7. exf6 dxc4 8.
Re1+ Be6 9. Ng5 g6 10. Nxe6 fxe6 11. Bg5 Qd5 12. Bh6 Kf7 13. Nd2 Bb4 14. Bg7
Bxd2 15. Qxd2 Rhe8 16. Qh6 Qh5 17. Qxh5 gxh5 18. Re4 Rad8 19. Rd1 d3 20. c3 b5
21. Rh4 Rd5 22. Bh6 Rf5 23. Be3 Rg8 24. h3 Ne5 25. Kh1 Ng6 26. Rd4 Rd5 27. Rxd5
exd5 28. g3 Kxf6 29. Bxa7 Kf5 30. Bd4 Re8 31. Be3 Re4 32. Kg2 Ne7 33. Re1 Nc6
34. Bd2 Ne5 35. Re3 c5 36. f3 Rxe3 37. Bxe3 Nc6 38. g4+ hxg4 39. hxg4+ Ke6 40.
Kf2 d4 41. Bd2 dxc3 42. Bxc3 Kd5 43. Ke3 Nd4 44. f4 b4 45. Bd2 Nc2+ 46. Kf2 Ke4
47. f5 -- 1/2-1/2

[Event "Inland Empire Open"]
[Site "Spokane, WA"]
[Date "2014.05.17"]
[Round "1"]
[White "Frostad, John"]
[Black "Leslie, Cameron"]
[Result "0-1"]
[WhiteElo "1452"]
[BlackElo "2038"]
[PlyCount "104"]
[EventDate "2014.05.17"]

1. e4 c6 2. d4 d5 3. exd5 cxd5 4. Nc3 Nc6 5. Nf3 Nf6 6. Be2 Bf5 7. O-O e6 8. a3
Bd6 9. Bg5 h6 10. Bh4 O-O 11. Bd3 Bg4 12. Be2 Be7 13. Bg3 Bxf3 14. Bxf3 Qb6 15.
Be5 Nxe5 16. dxe5 Nd7 17. Qe1 Qd4 18. Rd1 Qxe5 19. Bxd5 exd5 20. Rxd5 Qxe1 21.
Rxe1 Nf6 22. Rxe7 Nxd5 23. Nxd5 Rfe8 24. Kf1 Rxe7 25. Nxe7+ Kf8 26. Nf5 Rd8 27.
Ke2 Rd5 28. Ne3 Rh5 29. h3 Ke7 30. Kd3 Ke6 31. Kd4 Rh4+ 32. Kd3 Rf4 33. f3 Ra4
34. c3 h5 35. Nc4 b5 36. Nd2 Ke5 37. g3 h4 38. g4 Kf4 39. c4 bxc4+ 40. Nxc4
Rxc4 41. Kxc4 Kg3 42. b4 Kxh3 43. b5 Kg2 44. Kc5 h3 45. Kc6 h2 46. Kb7 h1=Q 47.
Kxa7 Qa1 48. b6 Qxa3+ 49. Kb7 Kxf3 50. Kc7 Kxg4 51. b7 Qa7 52. Kc8 Qxb7+ 0-1

[Event "Inland Empire Open"]
[Site "Spokane, WA"]
[Date "2014.05.17"]
[Round "2"]
[White "Leslie, Cameron"]
[Black "Korsmo, Kevin"]
[Result "1-0"]
[WhiteElo "2038"]
[BlackElo "1795"]
[PlyCount "53"]
[EventDate "2014.05.17"]

1. d4 Nf6 2. Nf3 e6 3. c4 c5 4. Nc3 cxd4 5. Nxd4 Nc6 6. Bf4 a6 7. e3 Ng8 8. Be2
Bc5 9. O-O Qb6 10. Na4 Qa5 11. Nxc5 Qxc5 12. Nxc6 bxc6 13. Bd6 Qg5 14. f4 Qf6
15. f5 Ne7 16. Bg4 e5 17. c5 O-O 18. Bxe7 Qxe7 19. f6 Qxc5 20. Qf3 d5 21. fxg7
Kxg7 22. Bxc8 Raxc8 23. Qf6+ Kg8 24. Rf3 Rfd8 25. Qxf7+ Kh8 26. Qf6+ Kg8 27.
Rg3# 1-0

[Event "Inland Empire Open"]
[Site "Spokane, WA"]
[Date "2014.05.17"]
[Round "3"]
[White "Deshpande, Aaryan"]
[Black "Leslie, Cameron"]
[Result "0-1"]
[WhiteElo "1846"]
[BlackElo "2038"]
[PlyCount "104"]
[EventDate "2014.05.17"]

1. e4 c6 2. Nc3 d5 3. Nf3 dxe4 4. Nxe4 Nd7 5. d4 Ngf6 6. Bd3 Nxe4 7. Bxe4 Nf6
8. Bd3 Bg4 9. c3 e6 10. Bg5 Be7 11. O-O O-O 12. Bc2 Qd5 13. Qd3 Bf5 14. Qe2
Bxc2 15. Qxc2 Qa5 16. Ne5 Nd5 17. Bxe7 Nxe7 18. Nc4 Qc7 19. Ne3 Rfd8 20. Qe4 b5
21. f4 c5 22. Rad1 Rac8 23. f5 exf5 24. Nxf5 Nxf5 25. Qxf5 cxd4 26. cxd4 Qd7
27. Qxd7 Rxd7 28. Rf2 Kf8 29. Re2 Re7 30. Kf2 Rxe2+ 31. Kxe2 Ke7 32. Kd3 Kd6
33. b3 Rc6 34. Rd2 b4 35. Ke4 Rc1 36. d5 g6 37. g4 Re1+ 38. Kd4 Re5 39. Rf2
Rxd5+ 40. Kc4 f5 41. gxf5 gxf5 42. Kxb4 Ke5 43. Kc4 Rd7 44. b4 f4 45. Re2+ Kf5
46. a4 f3 47. Re8 Kf4 48. Rf8+ Ke3 49. Re8+ Kf2 50. Rf8 Kg2 51. h4 Rg7 52. Kd3
f2 0-1

[Event "Inland Empire Open"]
[Site "Spokane, WA"]
[Date "2014.05.18"]
[Round "5"]
[White "Leslie, Cameron"]
[Black "Stripes, James"]
[Result "1-0"]
[WhiteElo "2038"]
[BlackElo "1900"]
[PlyCount "79"]
[EventDate "2014.05.17"]

1. d4 Nf6 2. Nf3 e6 3. c4 Bb4+ 4. Bd2 Bxd2+ 5. Qxd2 d5 6. Nc3 Nbd7 7. cxd5 exd5
8. Qg5 h6 9. Qxg7 Rh7 10. Qg3 c6 11. e3 Qb6 12. Rb1 Qa5 13. Bd3 Ne4 14. Bxe4
dxe4 15. Nd2 Nf6 16. b4 Qf5 17. Nc4 Kf8 18. Nd6 Qe6 19. Qe5 Rg7 20. Qxe6 Bxe6
21. g3 Rb8 22. a3 Ke7 23. Ncxe4 Nxe4 24. Nxe4 Bd5 25. f3 f5 26. Nd2 Kd7 27. Kf2
Re7 28. Nb3 Rbe8 29. Nc5+ Kc8 30. Rhe1 h5 31. h4 Rg8 32. Nd3 Reg7 33. Rg1 Kd7
34. Nf4 Bf7 35. b5 b6 36. bxc6+ Kxc6 37. d5+ Kd6 38. Rbc1 Be8 39. Rc8 Re7 40.
Nxh5 1-0

[Event "Chicago Open"]
[Site "Wheeling, IL"]
[Date "2014.05.22"]
[Round "1"]
[White "Lee, Michael"]
[Black "Peng, David"]
[Result "1-0"]
[WhiteElo "2458"]
[BlackElo "2237"]
[PlyCount "111"]
[EventDate "2014.??.??"]

1. c4 e6 2. Nc3 d5 3. d4 Nf6 4. Bg5 Be7 5. e3 O-O 6. cxd5 Nxd5 7. Bxe7 Qxe7 8.
Qc2 h6 9. Rc1 Bd7 10. Nf3 Rc8 11. a3 Nxc3 12. Qxc3 Bc6 13. Ne5 Bd5 14. f3 Nc6
15. Nd3 Qg5 16. e4 Qe3+ 17. Kd1 Ba2 18. Ra1 Nxd4 19. Rxa2 Nxf3 20. Be2 Ng5 21.
Qc5 Qxe4 22. h4 b6 23. Qe5 Qxg2 24. Rh2 Qg1+ 25. Kc2 f6 26. Qf4 e5 27. Qf2 Qxf2
28. Nxf2 Ne6 29. Bc4 Re8 30. Ra1 Kf8 31. Bxe6 Rxe6 32. Rd1 Rc6+ 33. Kb3 Rd6 34.
Rxd6 cxd6 35. Ng4 d5 36. h5 Rc8 37. Ne3 d4 38. Nf5 Rc1 39. Rc2 Rg1 40. Rc8+ Kf7
41. Rc7+ Kg8 42. Rxa7 Rg5 43. Ne7+ Kh7 44. Nd5 Kg8 45. Nxb6 e4 46. Nc4 Rxh5 47.
Rd7 Rh3+ 48. Kb4 Rd3 49. a4 e3 50. Re7 Rd1 51. a5 Ra1 52. Na3 Rc1 53. a6 Rc8
54. a7 Kf8 55. Rc7 Re8 56. Nc2 1-0

[Event "Chicago Open"]
[Site "Wheeling, IL"]
[Date "2014.05.24"]
[Round "4"]
[White "Lenderman, Alex"]
[Black "Lee, Michael"]
[Result "1/2-1/2"]
[WhiteElo "2717"]
[BlackElo "2458"]
[PlyCount "108"]
[EventDate "2014.??.??"]

1. d4 Nf6 2. c4 c5 3. d5 b5 4. cxb5 a6 5. bxa6 g6 6. Nc3 Bxa6 7. e4 Bxf1 8.
Kxf1 d6 9. g3 Bg7 10. Kg2 O-O 11. Nf3 Qb6 12. Qe2 Qb7 13. a4 Na6 14. Ra3 Nb4
15. Nb5 Ra6 16. Bd2 Rfa8 17. b3 e6 18. dxe6 fxe6 19. Ng5 h6 20. Nxe6 Nxe4 21.
f3 Nxd2 22. Qxd2 Rb6 23. Nbc7 Rc8 24. a5 Rc6 25. Nd5 Qf7 26. Re1 Be5 27. Nb6
Qxe6 28. Nxc8 Qxc8 29. Qxh6 Qf5 30. Re2 Rc7 31. Qh4 Rf7 32. Qe4 Qxe4 33. Rxe4
Ra7 34. f4 Bb2 35. Ra4 Kf7 36. a6 d5 37. Rexb4 cxb4 38. Kf3 Bc3 39. g4 Ke6 40.
g5 Kd6 41. Ke3 Kc6 42. Ra5 Bb2 43. h4 Bc1+ 44. Kf3 d4 45. Ke4 d3 46. Kxd3 Bxf4
47. Kc4 Bg3 48. h5 Kb6 49. Rb5+ Kxa6 50. h6 Rf7 51. Rc5 Kb7 52. Rb5+ Kc6 53.
Ra5 Rf4+ 54. Kd3 Rf3+ 1/2-1/2

[Event "Chicago Open"]
[Site "Wheeling, IL"]
[Date "2014.05.25"]
[Round "7"]
[White "Lee, Michael"]
[Black "Hughes, John"]
[Result "1-0"]
[WhiteElo "2458"]
[BlackElo "2316"]
[PlyCount "35"]
[EventDate "2014.??.??"]

1. c4 e5 2. Nc3 Nc6 3. g3 Bc5 4. Bg2 d6 5. e3 a6 6. Nge2 Ba7 7. d3 Nge7 8. Rb1
Rb8 9. b4 b5 10. cxb5 axb5 11. a4 Ba6 12. axb5 Bxb5 13. Nxb5 Rxb5 14. Nc3 Rb8
15. Bxc6+ Nxc6 16. Qa4 Rb6 17. b5 Qb8 18. Ra1 1-0

[Event "Chicago Open"]
[Site "Wheeling, IL"]
[Date "2014.05.26"]
[Round "8"]
[White "Lee, Michael"]
[Black "Erenburg, Sergey"]
[Result "1-0"]
[WhiteElo "2458"]
[BlackElo "2701"]
[PlyCount "95"]
[EventDate "2014.??.??"]

1. c4 e6 2. Nc3 d5 3. d4 c6 4. e4 dxe4 5. Nxe4 Nd7 6. Nf3 Ngf6 7. Bd3 c5 8. O-O
cxd4 9. Nxd4 Be7 10. Nb5 Ne5 11. Bf4 a6 12. Bxe5 axb5 13. cxb5 Qd5 14. Nxf6+
gxf6 15. Bg3 b6 16. Be2 Bb7 17. Bf3 Qxd1 18. Rfxd1 Bxf3 19. gxf3 Bc5 20. a3 e5
21. f4 Bd4 22. fxe5 fxe5 23. Bxe5 Bxe5 24. Re1 Rg8+ 25. Kh1 f6 26. f4 Ra5 27.
fxe5 Rxb5 28. exf6+ Kf7 29. b4 Kxf6 30. Rac1 Rg6 31. Rc6+ Kf5 32. Rc7 h6 33.
Rf7+ Kg5 34. Rg1+ Kh5 35. Rxg6 Kxg6 36. Rc7 Kg5 37. Rc6 h5 38. Kg2 Kg4 39. Rc4+
Kg5 40. Rd4 Re5 41. h4+ Kf5 42. Kf3 b5 43. Rd6 Re4 44. Rd5+ Re5 45. Rxe5+ Kxe5
46. Ke3 Kd5 47. Kf4 Kc4 48. Kg5 1-0

[Event "New York Simul"]
[Site "New York"]
[Date "2014.05.15"]
[Round "?"]
[White "Carlsen, Magnus"]
[Black "Schill, William"]
[Result "1/2-1/2"]
[WhiteElo "2882"]
[BlackElo "2242"]
[PlyCount "118"]
[EventDate "2014.05.15"]

1. b3 e5 2. Bb2 Nc6 3. e3 Nf6 4. Bb5 Bd6 5. Na3 Na5 6. Be2 c6 7. c4 Qe7 8. Nc2
c5 9. d3 Nc6 10. Nf3 O-O 11. O-O Bc7 12. e4 d6 13. Ne3 g6 14. Nd5 Nxd5 15. cxd5
Nd4 16. Nxd4 cxd4 17. Qd2 Bd7 18. Rac1 Bb6 19. f4 f5 20. Bf3 Rac8 21. fxe5 Qxe5
22. exf5 Qe3+ 23. Qf2 Bxf5 24. Rfe1 Qxf2+ 25. Kxf2 Rxc1 26. Rxc1 Bxd3 27. Ba1
Be4 28. Ke2 d3+ 29. Kd2 Bxf3 30. gxf3 Rxf3 31. Rc8+ Kf7 32. Bc3 Rh3 33. Rb8 g5
34. a4 Kg6 35. a5 Rxh2+ 36. Kxd3 Rh3+ 37. Kc4 Bf2 38. Rxb7 Rf3 39. Rg7+ Kh6 40.
Rd7 g4 41. Rxd6+ Kh5 42. Rd7 h6 43. d6 g3 44. Rg7 Rf8 45. d7 Kh4 46. Bf6+ Kh3
47. d8=Q Rxd8 48. Bxd8 g2 49. Rxg2 Kxg2 50. b4 h5 51. b5 h4 52. b6 axb6 53. a6
b5+ 54. Kxb5 h3 55. Bb6 Bxb6 56. Kxb6 h2 57. a7 h1=Q 58. a8=Q+ Kg1 59. Qxh1+
Kxh1 1/2-1/2

[Event "5-Game Match"]
[Site "Portland"]
[Date "2014.??.??"]
[Round "3"]
[White "Trattner, Andrew Lam"]
[Black "O'Connell, Sean"]
[Result "1-0"]
[WhiteElo "1970"]
[BlackElo "1856"]
[PlyCount "67"]
[EventDate "2014.03.10"]

1. e4 d6 2. d4 g6 3. Nc3 Bg7 4. Bg5 a6 5. Qd2 b5 6. Nf3 Nd7 7. a4 b4 8. Nd5 a5
9. Bb5 Bb7 10. Bd3 h6 11. Be3 Ngf6 12. c4 bxc3 13. Nxc3 Ng4 14. Bf4 e5 15. dxe5
Ngxe5 16. Be2 g5 17. Bg3 Nxf3+ 18. Bxf3 Nc5 19. Qc2 Ne6 20. Nb5 O-O 21. O-O-O
Ra6 22. Kb1 Qb8 23. h4 Bc6 24. e5 Bxb5 25. axb5 Rb6 26. hxg5 Nxg5 27. Bc6 dxe5
28. Bxe5 Bxe5 29. f4 Bxf4 30. Rxh6 Rxc6 31. bxc6 Qb4 32. Rg6+ Kh8 33. Rh1+ Nh7
34. Rg8+ 1-0

[Event "5-Game Match"]
[Site "Portland"]
[Date "2014.??.??"]
[Round "4"]
[White "O'Connell, Sean"]
[Black "Trattner, Andrew Lam"]
[Result "0-1"]
[WhiteElo "1856"]
[BlackElo "1970"]
[PlyCount "32"]
[EventDate "2014.03.10"]

1. Nf3 f5 2. d3 Nf6 3. Nc3 e6 4. e4 fxe4 5. dxe4 Bb4 6. Bg5 h6 7. Bd2 d5 8.
exd5 exd5 9. a3 Bd6 10. Bd3 Qe7+ 11. Kf1 O-O 12. Nh4 Ng4 13. Nf3 c6 14. g3 Bc5
15. Be1 Ne3+ 16. fxe3 Bh3+ 0-1

[Event "March 2014 PCC Quad 45"]
[Site "Portland"]
[Date "2014.03.15"]
[Round "3"]
[White "Trattner, Andrew Lam"]
[Black "Levin, Scott Andrew"]
[Result "1-0"]
[WhiteElo "1812"]
[BlackElo "1884"]
[PlyCount "41"]
[EventDate "2014.03.15"]

1. e4 c6 2. d4 d5 3. exd5 cxd5 4. c4 Nf6 5. Nc3 e6 6. Nf3 Be7 7. cxd5 exd5 8.
Bd3 O-O 9. h3 Nc6 10. O-O Re8 11. Be3 Be6 12. Ne5 Rc8 13. f4 Na5 14. f5 Bd7 15.
g4 Nc4 16. Bxc4 dxc4 17. g5 Bd6 18. gxf6 gxf6 19. Qg4+ Kf8 20. Nd5 Rxe5 21.
Bh6+ 1-0

[Event "High School Nationals"]
[Site "San Diego"]
[Date "2014.04.05"]
[Round "4"]
[White "Miller, Luke"]
[Black "Trattner, Andrew Lam"]
[Result "1/2-1/2"]
[WhiteElo "2202"]
[BlackElo "1909"]
[PlyCount "130"]
[EventDate "2014.04.04"]

1. e4 d5 2. exd5 Qxd5 3. Nc3 Qd6 4. d4 Nf6 5. g3 g6 6. Bg2 Bg7 7. Nf3 Qa6 8.
Bf4 c6 9. Qd2 O-O 10. Ne5 Be6 11. Nd3 Nbd7 12. Bh6 Rac8 13. Bxg7 Kxg7 14. O-O
Bc4 15. Rfe1 Bxd3 16. cxd3 e6 17. Ne4 Rfd8 18. Qc3 Nd5 19. Qb3 Qb6 20. Nc5 Nxc5
21. dxc5 Qxb3 22. axb3 a6 23. Ra4 Rc7 24. Bxd5 Rxd5 25. d4 Rcd7 26. Re4 Kf6 27.
Kg2 e5 28. dxe5+ Ke6 29. f4 Rxc5 30. Rad4 Rxd4 31. Rxd4 Rc2+ 32. Kh3 Rxb2 33.
Rd6+ Ke7 34. Rd3 h5 35. Rc3 Rd2 36. Re3 Ke6 37. Re1 h4 38. Re3 hxg3 39. hxg3
Kf5 40. Rf3 Rd7 41. g4+ Ke6 42. Kh4 c5 43. Rc3 Rc7 44. Kg5 b5 45. Re3 c4 46.
bxc4 Rxc4 47. f5+ gxf5 48. gxf5+ Ke7 49. Ra3 Rc6 50. Rh3 Rb6 51. Rc3 b4 52.
Rc7+ Ke8 53. f6 b3 54. Re7+ Kf8 55. Ra7 Rb8 56. e6 fxe6 57. Rh7 Rb4 58. Rh8+
Kf7 59. Rh7+ Kg8 60. f7+ Kf8 61. Kf6 Rf4+ 62. Kxe6 b2 63. Rh8+ Kg7 64. Rg8+ Kh7
65. Rb8 Kg7 1/2-1/2

[Event "May 2014 PCC Quad 45"]
[Site "Portland"]
[Date "2014.05.17"]
[Round "1"]
[White "Trattner, Andrew Lam"]
[Black "Raptis, Nick"]
[Result "1-0"]
[WhiteElo "1924"]
[BlackElo "2417"]
[PlyCount "87"]
[EventDate "2014.05.17"]

1. e4 e6 2. d4 d5 3. e5 c5 4. c3 Nc6 5. Nf3 Nh6 6. a3 f6 7. Bb5 Nf7 8. O-O Bd7
9. exf6 Qxf6 10. Re1 Bd6 11. dxc5 Be7 12. Bxc6 bxc6 13. Qd4 Qg6 14. Bf4 Bf6 15.
Qe3 O-O 16. Ne5 Nxe5 17. Bxe5 Bxe5 18. Qxe5 Rf5 19. Qd6 Raf8 20. Re2 Qg4 21. f3
Rxf3 22. Nd2 R3f7 23. Rae1 h6 24. b4 a5 25. Qg3 Qf5 26. Nf3 axb4 27. axb4 Rf6
28. Qe5 Qg6 29. Nd4 Qd3 30. Qe3 Qc4 31. Nf3 Bc8 32. Qd4 Qb5 33. h3 Rf4 34. Qe5
Qc4 35. Re3 Kh7 36. Nd2 Qa2 37. Rg3 R8f6 38. Nf3 Qc4 39. Qc7 Rf7 40. Qxc8 Qxc3
41. Qxe6 Qxb4 42. Qg6+ Kg8 43. Re8+ Rf8 44. Qxg7# 1-0

[Event "U.S. Amateur North"]
[Site "Boise, ID"]
[Date "2014.05.24"]
[Round "2"]
[White "Gorman, Cody Austin"]
[Black "Inman, James"]
[Result "1-0"]
[WhiteElo "1836"]
[BlackElo "1763"]
[PlyCount "133"]
[EventDate "2014.05.24"]

1. Nf3 d5 2. b3 Nf6 3. Bb2 c5 4. e3 e6 5. c4 Nc6 6. cxd5 exd5 7. Bb5 a6 8.
Bxc6+ bxc6 9. O-O Bg4 10. d3 Bd6 11. Nc3 Qc7 12. h3 Bh5 13. Rc1 O-O 14. Na4 Nd7
15. Qd2 Bxf3 16. gxf3 d4 17. f4 Rfe8 18. Ba3 Re6 19. Bxc5 Nxc5 20. Nxc5 Rh6 21.
Kg2 Qc8 22. Rh1 Qf5 23. Ne4 Bc7 24. Rc5 Qd7 25. Rg5 Re8 26. Nc5 dxe3 27. fxe3
Qc8 28. Rg3 Rg6 29. Rxg6 hxg6 30. Kf3 Qf5 31. Ne4 Qd5 32. Qc2 f5 33. Rd1 fxe4+
34. dxe4 Qe6 35. Qc4 Qxc4 36. bxc4 Rd8 37. Rg1 Kf7 38. Rg2 Rd3 39. Rb2 Ke6 40.
Rg2 Kf6 41. e5+ Kf7 42. Ke4 Rc3 43. Kd4 Ra3 44. Rb2 Ke6 45. Rb7 Kd7 46. e6+ Kd6
47. e7 c5+ 48. Ke4 Kxe7 49. Rxc7+ Kf6 50. Rc6+ Kf7 51. Rxc5 a5 52. Rb5 a4 53.
Rb2 Ke6 54. Rd2 Rc3 55. Kd4 Rc1 56. c5 Kf5 57. Kd5 Rc3 58. c6 Rxe3 59. c7 Rc3
60. Kd6 Kxf4 61. Rd4+ Kf5 62. Kd7 Ke5 63. Rd2 g5 64. c8=Q Rxc8 65. Kxc8 Ke4 66.
Rg2 Kf4 67. Rg4+ 1-0

[Event "U.S. Amateur North"]
[Site "Boise, ID"]
[Date "2014.05.25"]
[Round "4"]
[White "Gorman, Cody Austin"]
[Black "Gordon, Stephen"]
[Result "1-0"]
[WhiteElo "1836"]
[BlackElo "2100"]
[PlyCount "169"]
[EventDate "2014.05.24"]

1. Nf3 f5 2. g3 Nf6 3. Bg2 g6 4. d4 Bg7 5. c4 O-O 6. O-O d6 7. Nc3 Nc6 8. d5
Ne5 9. Nxe5 dxe5 10. Qb3 Kh8 11. Bd2 Rb8 12. Rfd1 b6 13. Na4 Bd7 14. Bb4 Qe8
15. Nc3 a5 16. Ba3 e4 17. Nb5 c6 18. dxc6 Bxc6 19. Rd2 Ng4 20. f3 Nf6 21. Nc7
Qc8 22. Nd5 Bxd5 23. cxd5 Qd7 24. Qe3 b5 25. Bc5 Rfc8 26. Rc1 Qb7 27. fxe4 Ng4
28. Qa3 Bh6 29. Bd4+ Kg8 30. Rxc8+ Qxc8 31. Rd1 Qc2 32. Qd3 Qxd3 33. Rxd3 fxe4
34. Bxe4 Rc8 35. Rc3 Rxc3 36. bxc3 Ne3 37. Kf2 Ng4+ 38. Kg2 Kf7 39. h3 Ne3+ 40.
Kf3 Nc4 41. Bd3 e5 42. dxe6+ Kxe6 43. Bxc4+ bxc4 44. a4 Bd2 45. e4 Be1 46. g4
Kd6 47. Ke2 Bh4 48. Bb6 Ke5 49. Kf3 h5 50. Bc7+ Ke6 51. Bxa5 hxg4+ 52. hxg4 Bf6
53. Bb4 Be5 54. Ke3 Kd7 55. Kd2 Kc6 56. Ke3 Kb6 57. Kf3 Ka6 58. Kg2 Kb6 59. Kh3
Bf6 60. Kg3 Be5+ 61. Kf2 Ka6 62. Ke1 Kb6 63. Kd1 Kc6 64. Kc2 Kd7 65. Bc5 Kc6
66. Bd4 Bd6 67. Bf6 Bc5 68. Kd2 Kd6 69. Ke2 Ke6 70. g5 Bb6 71. Kf3 Bc7 72. Ke3
Bb6+ 73. Bd4 Bd8 74. Bc5 Ke5 75. Bd4+ Ke6 76. Ba7 Bxg5+ 77. Kd4 Bd8 78. Kxc4 g5
79. Bd4 g4 80. Kb5 g3 81. a5 g2 82. a6 Bf6 83. Bg1 Bxc3 84. a7 Ke5 85. a8=Q 1-0

[Event "2014 Larry Parsons Simul"]
[Site "Boise, ID"]
[Date "2014.06.07"]
[Round "?"]
[White "Parsons, Larry"]
[Black "Ong, Chong-Jin"]
[Result "0-1"]
[WhiteElo "2000"]
[BlackElo "1731"]
[PlyCount "76"]
[EventDate "2014.??.??"]
[EventType "simul"]
[EventCountry "USA"]

1. d4 Nf6 2. c4 c5 3. Nf3 g6 4. Nc3 Bg7 5. e4 cxd4 6. Nxd4 O-O 7. Be2 Qb6 8.
Ndb5 a6 9. Be3 Qa5 10. Nd4 Nxe4 11. O-O Nxc3 12. bxc3 Qxc3 13. Rc1 Qa5 14. Qb3
d6 15. Bf3 Qc7 16. Ne2 Nd7 17. Rb1 Rb8 18. Rfc1 b6 19. Nf4 Nc5 20. Qa3 Bf5 21.
Nd5 Qa7 22. Rb5 Rfd8 23. g4 Be6 24. Nb4 Bb2 25. Qxb2 axb5 26. cxb5 Bd7 27. Nd5
Re8 28. Bh6 f6 29. Nxf6+ exf6 30. Qxf6 Be6 31. Re1 Qf7 32. Qd4 Rbd8 33. Bc6 Bd7
34. Rxe8+ Rxe8 35. Qxd6 Qe7 36. Bd5+ Be6 37. Qe5 Bxd5 38. Qxd5+ Qe6 0-1